| 000 -LEADER |
| fixed length control field |
00661nam a22001937a 4500 |
| 008 - FIXED-LENGTH DATA ELEMENTS--GENERAL INFORMATION |
| fixed length control field |
150528b xxu||||| |||| 00| 0 eng d |
| 020 ## - INTERNATIONAL STANDARD BOOK NUMBER |
| International Standard Book Number |
9789280811117 |
| 041 0# - LANGUAGE CODE |
| Language code of text/sound track or separate title |
ENG |
| 080 ## - UNIVERSAL DECIMAL CLASSIFICATION NUMBER |
| Universal Decimal Classification number |
504.06 GRE |
| 245 00 - TITLE STATEMENT |
| Title |
Reforming international environmental governance |
| Statement of responsibility, etc |
edited by W. Bradnee Chambers and Jessica F. Green. |
| 300 ## - |
| -- |
234 f |
| 500 ## - |
| -- |
INDEX |
| 500 ## - |
| -- |
BIBLIOGRAFI |
| 650 ## - |
| -- |
Environmental policy |
| -- |
International cooperation. |
| 650 ## - |
| -- |
Environmental law, International. |
| 700 ## - |
| -- |
Chambers, W. Bradnee. |
| 700 ## - |
| -- |
Green, Jessica F. |
| 942 ## - ADDED ENTRY ELEMENTS (KOHA) |
| Source of classification or shelving scheme |
|
| Item type |
Books |